| 000 | 00956nam a2200229 a 4500 | ||
|---|---|---|---|
| 001 | 38040 | ||
| 003 | BD-RjUL | ||
| 005 | 20211209052718.0 | ||
| 008 | 150830s1984 bg ||||| b||| 001 0 ben d | ||
| 035 | _a(BD-RjUL)38145 | ||
| 040 |
_aBD-RjUL _beng _cBD-RjUL _dBD-RjUL |
||
| 041 | _aben | ||
| 082 |
_a320.01 _bALF 1984 |
||
| 100 |
_aআলী, সৈয়দ মকসুুদ _9117791 |
||
| 245 |
_aফরাসী বিপ্লবোত্তর রাষ্ট্রচিন্তা / _cসৈয়দ মকসুুদ আলী |
||
| 260 |
_aঢাকা : _bঢাকা বিশ্ববিদ্যালয়, _c১৯৮৪ |
||
| 300 |
_a৩, ১৮০ পৃ. : _bচিত্র ; _c২২ সেমি. |
||
| 504 | _aগ্রন্থপঞ্জী ও নির্ঘন্ট সংযুক্ত । | ||
| 650 |
_aPolitical science _9117792 |
||
| 650 |
_aরাষ্ট্রবিজ্ঞান _9117793 |
||
| 942 |
_2ddc _cBK _01 |
||
| 999 |
_c38040 _d38040 |
||